Normal view
MARC view
Entry Personal Name
001 - CONTROL NUMBER
- control field: 6505
003 - CONTROL NUMBER IDENTIFIER
- control field: BD-RjUL
005 - DATE AND TIME OF LATEST TRANSACTION
- control field: 20230110152729.0
008 - FIXED-LENGTH DATA ELEMENTS
- fixed length control field: 230110|| aca||aabn | a|a d
040 ## - CATALOGING SOURCE
- Original cataloging agency: BD-RjUL
- Transcribing agency: BD-RjUL
100 ## - HEADING--PERSONAL NAME
- Personal name: Chanda, Biswajit, Principal Supervisor
670 ## - SOURCE DATA FOUND
- Source citation: Work cat.: (BD-RjUL)81042: Alim, Md. Abdul 6503, Cedaw Provision Regarding Discrimination Against Woman With Reference to the Constitution of Bangladesh /, 2013